000
00210nam a22000977a 4500
999
_c
263463
_d
263462
020
_a
0439412811
100
_a
Ellen Raskin
245
_a
The Westing game
260
_a
New York
_b
Scholastic
_c
1978
942
_c
BK